The fiction of chinua achebe / (Record no. 144046)

MARC details
000 -LEADER
fixed length control field 00571nam a22001937a 4500
005 - DATE AND TIME OF LATEST TRANSACTION
control field 20170907103009.0
010 ## - LCCN (DPL NO)
LC control number ENG-120319
020 ## - INTERNATIONAL STANDARD BOOK NUMBER
International Standard Book Number 9788192844046
Terms of availability 395.00
035 ## - SYSTEM CONTROL NUMBER
System control number EN-103851
037 ## - SOURCE OF ACQUISITION
Source of stock number/acquisition DBAD/PUB
082 ## - DEWEY DECIMAL CLASSIFICATION NUMBER
Classification number 883.092
100 ## - MAIN ENTRY--PERSONAL NAME
Personal name Ganjewar,D.N.
245 ## - TITLE STATEMENT
Title The fiction of chinua achebe /
Statement of responsibility, etc by D.N.Ganjewar
260 ## - PUBLICATION, DISTRIBUTION, ETC. (IMPRINT)
Place of publication, distribution, etc Kanpur
Name of publisher, distributor, etc Shubhi Publication
Date of publication, distribution, etc 2016
270 ## - ADDRESS
Address A-677,Awas vikas Hanspuram
City Kanpur
Postal code 208021
300 ## - PHYSICAL DESCRIPTION
Extent 112p
Dimensions 22cm.(Hb)
500 ## - GENERAL NOTE
General note Includes bibliographical references
942 ## - ADDED ENTRY ELEMENTS (KOHA)
Source of classification or shelving scheme Dewey Decimal Classification
Item type English Books
Classification part 883.092
Call number suffix GAN
Holdings
Withdrawn status Lost status Not for loan Collection code Home library Current library Date acquired Source of acquisition Cost, normal purchase price Full call number Barcode Copy number Cost, replacement price Koha item type
      Non-fiction Ashok Vihar Ashok Vihar 06/09/2017 DBAD/PUB 395.00 883.092 GAN EN-103851 1 395.00 English Books

© Delhi Public Library
Hit Counter
free hit counter